书目信息 |
| 题名: |
工程力学:动力学
|
|
| 作者: | ANDREW PYTEL·JAAN KIUSALAAS | |
| 分册: | ||
| 出版信息: | 北京 清华大学出版社 2001.09 |
|
| 页数: | 622页 | |
| 开本: | 23cm | |
| 丛书名: | ||
| 单 册: | ||
| 中图分类: | TB122 | |
| 科图分类: | ||
| 主题词: | 工程力学 | |
| 电子资源: | ||
| ISBN: | 7-302-04594-1 | |
| 000 | 00573nam0 2200205 45 | |
| 001 | 0233724285 | |
| 005 | 2002061009220425 | |
| 010 | @a7-302-04594-1@dRMB 49.00 | |
| 100 | @a20020610d2001 km y0chiy0120 ea | |
| 101 | 0 | @achi |
| 102 | @aCN@b110000 | |
| 200 | 1 | @a工程力学:动力学@AGong Cheng Li Xue:Dong Li Xue@fANDREW PYTEL·JAAN KIUSALAAS |
| 205 | @a2版 | |
| 210 | @a北京@c清华大学出版社@d2001.09 | |
| 215 | @a622页@d23cm | |
| 606 | 0 | @a工程力学 |
| 690 | @aTB122@v3 | |
| 701 | 0 | @aANDREW PYTEL·JAAN KIUSALAAS |
| 801 | 0 | @aCN@bPFT@c20020610 |
| 905 | @a安徽大学@dTB122@eA123 | |
| 工程力学:动力学/ANDREW PYTEL·JAAN KIUSALAAS.-2版.-北京:清华大学出版社,2001.09 |
| 622页;23cm |
| ISBN 7-302-04594-1:RMB 49.00 |
| ● |
| 相关链接 |
|
|
|
正题名:工程力学:动力学
索取号:TB122/A123
 
预约/预借
| 序号 | 登录号 | 条形码 | 馆藏地/架位号 | 状态 | 备注 |
| 1 | 360046 | 203600460 | 期刊室512/501自科库 4排1列1层/ [索取号:TB122/A123] | 在馆 | |
| 2 | 360047 | 203600479 | 自科库501/501自科库 4排1列1层/ [索取号:TB122/A123] | 在馆 | |
| 3 | 360452 | 203604527 | 自科库501/501自科库 4排1列1层/ [索取号:TB122/A123] | 在馆 | |
| 4 | 360453 | 203604536 | 期刊室512/501自科库 4排1列1层/ [索取号:TB122/A123] | 在馆 | |
| 5 | 360454 | 203604545 | 期刊室512/501自科库 4排1列1层/ [索取号:TB122/A123] | 在馆 |